El Trastorno mental como enfermedad comn︢ en la proteccin̤ de la incapacidad permanente

Detalles Bibliográficos
Autor principal: Torrente Gari, Susana
Formato: Libro
Lenguaje:español
Publicado: Albacete : Bomarzo, 2007
Colección:Estudios (Bomarzo)
Materias:
Acceso en línea:Acceso restringido

MARC

LEADER 00000nam a2200000 a 4500
005 2012022202432.0
007 cr|||| ||||
008 071003s2007 sp |||||| 00| ||spa|c
017 |a DL AB. 346-2007 
020 |a 9788496721272 
020 |a 8496721272 
035 |a 5797 
040 |d vLex 
090 |c 3017  |d 3017 
100 1 |a Torrente Gari, Susana 
245 1 3 |a El Trastorno mental como enfermedad comn︢ en la proteccin̤ de la incapacidad permanente  |h [Recurso electrn̤ico] /  |c Susana Torrente Gari 
256 |a Servicio en ln̕ea 
260 |a Albacete :  |b Bomarzo,  |c 2007 
300 |a 1 recurso electrn̤ico 
490 1 |a Estudios 
504 |a Bibliogr.: p. 277-291 
506 1 |a Contenido solo disponible en los productos indicados  |d vLex Global   |d vLex Global (Academic Edition, excluding Law Schools)   |d vLex Global (U.S. Academic Edition, Law Schools)   |d vLex Global (U.S. Academic Edition, excluding Law Schools)   |d vLex Global (Academic Edition, Law Schools)  
650 0 4 |a Discapacitados mentales  |x Trabajo  |x Derecho y legislacin̤  |z Espaą 
650 0 4 |a Incapacidad laboral  |x Derecho y legislacin̤  |z Espaą 
650 0 4 |a Enfermedades mentales  |x Trabajo  |z Espaą  |x Aspectos legales 
650 0 4 |a Trabajadores   |x Salud mental  |z Espaą  |x Aspectos legales 
740 0 |a vLex Libros (Servicio en ln̕ea) 
830 0 |a Estudios (Bomarzo) 
856 4 0 |u http://vlex.com/source/transtorno-mental-enfermedad-comun-proteccion-incapacidad-permanente-5797  |z Acceso restringido 
942 |c BOOK 
999 0 |a  Mental retardation 
999 0 |a Working class